ტურიზმის განვითარების სოციალურ-ეკონომიკური პრობლემები (აჭარის სოციალურ-ეკონომიკური პრობლემები IX) / (ბიბ.ჩანაწერი № 38756)
[ მარტივი ფორმატი ]
| 000 -ლიდერი | |
|---|---|
| ფიქსირებული სიგრძის საკონტროლო ველი | 01186nam a2200217Ia 4500 |
| 001 - საკონტროლო ნომერი | |
| საკონტროლო ველი | 5086 |
| 003 - საკონტროლო ნომრის იდენტიფიკატორი | |
| საკონტროლო ველი | GE_BSU |
| 005 - ბოლო ოპერაციის თარიღი და დრო | |
| საკონტროლო ველი | 20260422100125.0 |
| 008 - ფიქსირებული სიგრძის მონაცემთა ელემენტები - ზოგადი ინფორმაცია | |
| ფიქსირებული სიგრძის საკონტროლო ველი | 181216s2007||||ge |||||||||||||| ||geo|| |
| 020 ## - წიგნის საერთაშორისო სტანდარტული ნომერი | |
| International Standard Book Number | 19875231 |
| 040 ## - კატალოგიზაციის წყარო | |
| Transcribing agency | GE_BSU |
| 041 ## - ენის კოდი | |
| Language code of text/sound track or separate title | geo |
| 080 ## - უნივერსალური ათობითი კლასიფიკაციის ინდექსი | |
| Universal Decimal Classification number | 338(479.223) |
| 245 ## - ცნობა სათაურის შესახებ | |
| Title | ტურიზმის განვითარების სოციალურ-ეკონომიკური პრობლემები (აჭარის სოციალურ-ეკონომიკური პრობლემები IX) / |
| Statement of responsibility, etc | რედ. ჟანი მიქაშავიძე |
| 264 ## - წარმოების, გამოცემის, დისტრიბუციის და სხვა ცნობები | |
| გამოცემის, წარმოების, დისტრიბუციის... ადგილი | ბათუმი : |
| გამოცემის, წარმოების, დისტრიბუციის... სახელწოდება | ბათუმის უნივერსიტეტი, |
| გამოცემის, წარმოების, დისტრიბუციის... თარიღი | 2007. |
| 300 ## - ფიზიკური აღწერა | |
| Extent | 180 გვ. ; |
| Dimensions | 20 სმ. |
| 500 ## - ზოგადი შენიშვნა | |
| General note | დასკვნები ქარათულ, რუსულ და ინგლისურ ენებზე |
| 653 ## - INDEX TERM--UNCONTROLLED | |
| Uncontrolled term | ტურიზმის განვითარების სოციალურ-ეკონომიკური პრობლემები |
| 700 ## - ADDED ENTRY--PERSONAL NAME | |
| Personal name | მიქაშავიძე, ჟანი |
| Relator term | რედაქტორი |
| 9 (RLIN) | 2700 |
| 942 ## - ADDED ENTRY ELEMENTS (KOHA) | |
| Koha item type | წიგნი |
| Source of classification or shelving scheme | |
| ჩამოწერის სტატუსი | დაკარგული ეგზემპლარის სტატუსი | კლასიფიკაციის წყარო ან თაროზე გაწყობის სქემა | დაზიანების სტატუსი | არ გაიცემა | მუდმივი მდებარეობა (დაცვის ადგილი) | ამჟამინდელი ადგილსამყოფელი | თაროზე განთავსების ადგილი | შეძენის თარიღი | სრული შენახვის შიფრი | შტრიხკოდი | ბოლო ოპერაციის თარიღი | ეგზემპლარის მიმდევრობითი ნომერი (კეტერი?) | ფასის ძალაში შესვლის თარიღი | ეგზემპლარის სახეობა | ღირებულება, შესყიდვის ნორმალური ფასი | საჯარო შენიშვნა |
|---|---|---|---|---|---|---|---|---|---|---|---|---|---|---|---|---|
| ბათუმის შოთა რუსთაველის სახელმწიფო უნივერსიტეტის მთავარი ბიბლიოთეკა | ბათუმის შოთა რუსთაველის სახელმწიფო უნივერსიტეტის მთავარი ბიბლიოთეკა | წიგნსაცავი | 2026-04-22 | 338(479.223)ტ-92 | 74345 | 2026-04-22 | 74345 | 2026-04-22 | წიგნი | 5.00 | 5.00 | |||||
| ბათუმის შოთა რუსთაველის სახელმწიფო უნივერსიტეტის მთავარი ბიბლიოთეკა | ბათუმის შოთა რუსთაველის სახელმწიფო უნივერსიტეტის მთავარი ბიბლიოთეკა | წიგნსაცავი | 2026-04-22 | 338(479.223)ტ-92 | 74346 | 2026-04-22 | 74346 | 2026-04-22 | წიგნი | 5.00 | 5.00 | |||||
| ტექნოლოგიური ფაკულტეტის ბიბლიოთეკა | ტექნოლოგიური ფაკულტეტის ბიბლიოთეკა | წიგნსაცავი | 2018-12-17 | 338(479.223)ტ-92 | 12398 | 2018-12-17 | 12398 | 2018-12-17 | წიგნი | |||||||
| ტექნოლოგიური ფაკულტეტის ბიბლიოთეკა | ტექნოლოგიური ფაკულტეტის ბიბლიოთეკა | წიგნსაცავი | 2018-12-17 | 338(479.223)ტ-92 | 12399 | 2018-12-17 | 12399 | 2018-12-17 | წიგნი | |||||||
| ტექნოლოგიური ფაკულტეტის ბიბლიოთეკა | ტექნოლოგიური ფაკულტეტის ბიბლიოთეკა | წიგნსაცავი | 2018-12-17 | 338(479.223)ტ-92 | 12400 | 2018-12-17 | 12400 | 2018-12-17 | წიგნი | |||||||
| ტექნოლოგიური ფაკულტეტის ბიბლიოთეკა | ტექნოლოგიური ფაკულტეტის ბიბლიოთეკა | წიგნსაცავი | 2018-12-17 | 338(479.223)ტ-92 | 12401 | 2018-12-17 | 12401 | 2018-12-17 | წიგნი | |||||||
| ტექნოლოგიური ფაკულტეტის ბიბლიოთეკა | ტექნოლოგიური ფაკულტეტის ბიბლიოთეკა | წიგნსაცავი | 2018-12-17 | 338(479.223)ტ-92 | 12402 | 2018-12-17 | 12402 | 2018-12-17 | წიგნი |
